Statistics for Spanish-Speaking US Cities

Click here to take the quiz!

General Stats

  • This quiz has been taken 111 times
  • The average score is 19 of 25

Answer Stats

# of Hispanics City % Correct
4,413,590Los Angeles
100%
2,091,782Miami
98%
3,506,711New York
98%
732,023San Diego
98%
1,324,152Dallas
96%
1,596,789Houston
95%
773,158Phoenix
93%
673,162San Francisco
92%
1,497,498Chicago
90%
723,458San Antonio
86%
328,796Boston
82%
336,895Tampa
81%
535,466El Paso
79%
339,902Austin
78%
350,609Philadelphia
76%
337,019San Jose
76%
607,711Washington
76%
430,068Orlando
75%
465,590Atlanta
71%
405,207Las Vegas
70%
333,997Denver
70%
277,213Fresno
51%
1,340,337Riverside
42%
276,342Bakersfield
24%
594,407McAllen
18%

Score Distribution

Percentile by Number Answered

Percent of People with Each Score

Your Score History

You have not taken this quiz